MARC details
| 000 -LEADER |
| campo de control de longitud fija |
01901nam a22003375i 4500 |
| 001 - NÚMERO DE CONTROL |
| campo de control |
163900 |
| 003 - IDENTIFICADOR DE NÚMERO DE CONTROL |
| campo de control |
ES-MaACL |
| 005 - FECHA Y HORA DE LA ÚLTIMA TRANSACCIÓN |
| campo de control |
20250918184012.0 |
| 008 - DATOS DE LONGITUD FIJA--INFORMACIÓN GENERAL |
| campo de control de longitud fija |
940615m18281832sp |||| | spa d |
| 080 ## - NÚMERO DE LA CLASIFICACIÓN DECIMAL UNIVERSAL |
| Número de la Clasificación Decimal Universal |
821.134.2-14(082.2) |
| 245 00 - MENCIÓN DEL TÍTULO |
| Título |
Colección de romances castellanos anteriores al siglo 18 : |
| Resto del título |
tomo I [- V]. |
| 260 ## - PUBLICACIÓN, DISTRIBUCIÓN, ETC. |
| Lugar de publicación, distribución, etc. |
Madrid : |
| Nombre del editor, distribuidor, etc. |
Imprenta de D. Leon Amarita : |
| -- |
se hallará en la librería de Cuesta..., |
| Fecha de publicación, distribución, etc. |
1828-1832. |
| 300 ## - DESCRIPCIÓN FÍSICA |
| Extensión |
5 v, ; |
| Dimensiones |
18 cm. |
| 505 8# - NOTA DE CONTENIDO CON FORMATO |
| Nota de contenido con formato |
Contiene: I. Romancero de romances moriscos... / por Don Agustín Durán -- II. Romancero de romances doctrinales, amatorios, festivos, jocosos, satíricos y burlescos: sacados de varias colecciones generales... / por Don Agustín Durán -- III. Cancionero y romancero de coplas y canciones de arte menor... / por D. Agustín Durán -- IV-V. Romancero de romances caballerescos e históricos... / por D. Agustín Durán, parte I [- II] |
| 530 ## - NOTA DISPONIBLE DE FORMULARIO FÍSICO ADICIONAL |
| Nota de formato físico adicional disponible |
Disponible en formato digital. |
| 596 ## - NOTA AL PIE DE IMPRENTA |
| NOTA AL PIE DE IMPRENTA |
Fecha de impresión en v. II: 1829. |
| 596 ## - NOTA AL PIE DE IMPRENTA |
| NOTA AL PIE DE IMPRENTA |
Pie de imprenta en v. III-V: Madrid : Imprenta de D. Eusebio Aguado, 1829-1832. |
| 596 ## - NOTA AL PIE DE IMPRENTA |
| NOTA AL PIE DE IMPRENTA |
Fecha de impresión en v. IV y VI: 1832. |
| 597 ## - NOTA DE DESCRIPCIÓN FÍSICA |
| NOTA DE DESCRIPCIÓN FÍSICA |
Texto a dos columnas. |
| 597 ## - NOTA DE DESCRIPCIÓN FÍSICA |
| NOTA DE DESCRIPCIÓN FÍSICA |
Signaturizado. |
| 650 #4 - PUNTO DE ACCESO ADICIONAL DE MATERIA--TÉRMINO DE MATERIA |
| Término de materia o nombre geográfico como elemento de entrada |
Romances- |
| Subdivisión geográfica |
España. |
| 9 (RLIN) |
16935 |
| 700 1# - ENTRADA AGREGADA--NOMBRE PERSONAL |
| Nombre de persona |
Durán, Agustín, |
| Fechas asociadas al nombre |
1793-1862 |
| 9 (RLIN) |
46168 |
| 740 02 - ENTRADA AGREGADA--TÍTULO RELACIONADO/ANALÍTICO NO CONTROLADO |
| Título relacionado o analítico no controlado |
Romancero de romances moriscos. |
| 740 02 - ENTRADA AGREGADA--TÍTULO RELACIONADO/ANALÍTICO NO CONTROLADO |
| Título relacionado o analítico no controlado |
Romancero de romances doctrinales, amatorios, festivos, jocosos, satíricos y burlescos. |
| 740 02 - ENTRADA AGREGADA--TÍTULO RELACIONADO/ANALÍTICO NO CONTROLADO |
| Título relacionado o analítico no controlado |
Cancionero y romancero de coplas y canciones de arte menor. |
| 740 02 - ENTRADA AGREGADA--TÍTULO RELACIONADO/ANALÍTICO NO CONTROLADO |
| Título relacionado o analítico no controlado |
Romancero de romances caballerescos e históricos. |
| 852 4# - LOCALIZACIÓN |
| Ubicación |
ES-MaACL |
| Número de control de estantería |
D-2158 |
| Nota libre |
(v. V, parte I) |
| -- |
- Enc. pasta española |
| -- |
- Legado Modesto de la Fuente |
| 852 4# - LOCALIZACIÓN |
| Ubicación |
ES-MaACL |
| Número de control de estantería |
G-15098-102 |
| 856 4# - LOCALIZACIÓN Y ACCESO ELECTRÓNICOS |
| Identificador Uniforme de Recursos |
<a href="http://bdh-rd.bne.es/viewer.vm?id=0000086185&page=1 ">http://bdh-rd.bne.es/viewer.vm?id=0000086185&page=1 </a> |
| Nota pública |
Biblioteca Digital Hispánica |